| 000 | 00578nam a2200241 a 4500 | ||
|---|---|---|---|
| 001 | nice12345678 | ||
| 003 | IN_TiNIC | ||
| 005 | 20260116011823.0 | ||
| 008 | 050524s1988 hyda grp 000 0 per | ||
| 020 |
_a _c100 |
||
| 082 | 0 | 0 |
_a954.84 _bWAL |
| 100 | _aWaliullah, Mirza | ||
| 245 | _aTohfa-E-Ikhwan-Us-Safa | ||
| 260 |
_aHyderabad _bNo Publisher _c1988 |
||
| 300 | _a108p | ||
| 500 | _aincludes index and biblioraphy | ||
| 505 | 2 | _aworld christian books | |
| 650 | _aHyderabad | ||
| 700 | 1 | _aWaliullah, Mirza | |
| 902 | _bSRS | ||
| 942 | _cBK | ||
| 999 |
_c4203 _d4203 |
||